| 000 | 01012nam a2200205Ia 4500 | ||
|---|---|---|---|
| 001 | 11720 | ||
| 003 | GE_BSU | ||
| 008 | 181216s||||||||xx |||||||||||||| ||und|| | ||
| 040 | _cGE_BSU | ||
| 100 | _aფანცხავა,აკ. | ||
| 245 | _aცხოველთა ფიზიოლოგია | ||
| 245 | _b(სალექციო კურსი) სახელმძღვ.ზოოტექნიკურ-სავეტერინარო ინ-ტის სტუდენტებისათვის. | ||
| 245 | _cრედ:დ.ნათიშვილი. | ||
| 260 | _aთბილისი | ||
| 260 | _bგანათლება | ||
| 260 | _c1967 | ||
| 300 | _a177გვ;21სმ. | ||
| 653 | _aცხოველთა ფიზიოლოგია.(სალექციო კურსი) სახელმძღვ.ზოოტექნიკურ-სავეტერინარო ინ-ტის სტუდენტებისათვის. | ||
| 942 | _cBK | ||
| 999 |
_c44901 _d44901 |
||